000 00440nam a2200133Ia 4500
008 240719s9999 xx 000 0 und d
041 _aeng
082 _a658.15 HILL
100 _aHill, Brian E.
245 _aAttracting Capital From Angels : How Their Moneyand Their Experience-Can Help You Build A Successful Company
260 _aNew York
_bWiely
_c2002
300 _a324;. P. 24. Cm
520 _aGifted By : IMT Faculty Dr.senthil kumar
999 _c41235
_d41235